Alle Pie Discepole del Divin Maestro 1957. (Record n. 37684)
[ formato base ]
| 000 -LEADER | |
|---|---|
| fixed length control field | 00542nam a22001697a 4500 |
| 003 - CONTROL NUMBER IDENTIFIER | |
| control field | IT-RoPau |
| 005 - DATE AND TIME OF LATEST TRANSACTION | |
| control field | 20220918175937.0 |
| 008 - FIXED-LENGTH DATA ELEMENTS--GENERAL INFORMATION | |
| fixed length control field | 121217b xxu||||| |||| 00| 0 eng d |
| 040 ## - CATALOGING SOURCE | |
| Transcribing agency | IT-RoPau |
| 100 ## - MAIN ENTRY--PERSONAL NAME | |
| Personal name | Alberione Giacomo |
| Titles and words associated with a name | ssp |
| 9 (RLIN) | 73 |
| 245 ## - TITLE STATEMENT | |
| Title | Alle Pie Discepole del Divin Maestro 1957. |
| Remainder of title | Raccolta di meditazioni e istruzioni trascritte dalle registrazioni su nastro magnetico |
| 250 ## - EDITION STATEMENT | |
| Edition statement | 1° ed. |
| 300 ## - PHYSICAL DESCRIPTION | |
| Extent | 368 p. |
| Dimensions | 21,5 cm |
| 490 ## - SERIES STATEMENT | |
| Series statement | Opera Omnia (serie blu) |
| Volume/sequential designation | vol. II |
| 520 ## - SUMMARY, ETC. | |
| Summary, etc. | INDICE GENERALE<br/>INDICI |
| 942 ## - ADDED ENTRY ELEMENTS (KOHA) | |
| Source of classification or shelving scheme | Dewey Decimal Classification |
| Koha item type | LIBRO |
| Withdrawn status | Lost status | Source of classification or shelving scheme | Damaged status | Not for loan | Home library | Current library | Date acquired | Total Checkouts | Full call number | Date last seen | Price effective from | Koha item type |
|---|---|---|---|---|---|---|---|---|---|---|---|---|
| Dewey Decimal Classification | Buone Condizioni | Not For Loan | PAULUS-BIBLIOTECA | PAULUS-BIBLIOTECA | 17/12/2012 | P A5 | 17/12/2012 | 17/12/2012 | LIBRO | |||
| Dewey Decimal Classification | Buone Condizioni | Not For Loan | PAULUS-BIBLIOTECA | PAULUS-BIBLIOTECA | 18/01/2013 | P A5 | 18/01/2013 | 18/01/2013 | LIBRO |